[Event "London Classic 7th"]
[Site "London"]
[Date "2015.12.08"]
[Round "5"]
[White "Adams, Michael"]
[Black "Nakamura, Hikaru"]
[Result "1/2-1/2"]
[WhiteElo "2737"]
[BlackElo "2793"]
[Annotator "Adams,M"]
[PlyCount "112"]
[EventDate "2015.12.04"]
[EventType "tourn"]
[EventRounds "9"]
[EventCountry "ENG"]
[EventCategory "22"]
[SourceTitle "CBM 170"]
[Source "ChessBase"]
[SourceDate "2016.01.15"]
[SourceVersion "1"]
[SourceVersionDate "2016.01.15"]
[SourceQuality "1"]

{I managed a new record in the London Chess Classic with 9 draws, this game
had the potential to get exciting, but like a lot of other games in the event
it faded away.} 1. e4 e5 2. Nf3 Nc6 3. Bb5 Nf6 4. d3 Bc5 5. Bxc6 dxc6 6. Nbd2
Nd7 7. Nc4 O-O {A recent concept,} 8. Bd2 {White makes some developing moves
and keeps the option to castle on both sides of the board.} Re8 9. Qe2 f6 ({
It is often more precise for Black to play} 9... Bd6 {as occurred in previous
games such as Anand-Giri in Bilbao and also McShane- Georgescu from the LCC
Rapid Open a week after this game. This seems logical as Black is ready for
c6-c5 and transferring the knight to d4 via f8 and e6 or b8 and c6. However
here after the continuation} 10. g4 Nf8 11. Ne3 {White can quickly develop a
kingside initiative.}) 10. h4 ({The point of Hikaru's accurate last move is
that} 10. g4 {is now well met by} Nb6) ({Maybe the caveman style} 10. Rg1 $5 {
is another option for the fearless.}) 10... Nf8 11. h5 {White has gained some
space and hopes to either transfer a knight to f5, or play g4 or h6 later on.}
Be6 ({I was expecting} 11... Ne6 {but developing the bishop is sensible.}) (
11... Bg4 {was another option.}) 12. Ne3 Qd7 13. h6 ({I was originally planning
} 13. Nh4 {but didn't like} Bd4 {however} 14. Qf3 (14. O-O-O Bxa2 {looks hard
to believe}) ({or} 14. Nhf5 Bxb2 15. Rb1 Bd4 16. Rxb7 Bb6 17. Qg4 {deserve
further investigation})) ({After} 13. O-O Bxe3 14. Qxe3 h6 15. Nh4 Bg4 {
I was worried about dropping a pawn although this is also not that clearcut.})
(13. O-O-O {is no longer an option due to} Bxa2) 13... g6 14. O-O Bg4 (14...
Bf7 {or}) (14... Rad8 {were other sensible options.}) 15. Nxg4 Qxg4 16. Nd4 ({
Perhaps} 16. b4 $5 {was a good idea, I was reluctant to weaken the queenside
but it does speed up my kingside play:} Bd6 17. Nd4 $5 (17. Qe3 $5) 17... Qxe2
18. Nxe2 Ne6 19. g3) 16... Qxe2 17. Nxe2 Ne6 18. g3 g5 {White's position looks
promising but the vulnerability of the pawn on h6 is very annoying.} 19. Be3 ({
White's king doesn't feel very comfortable after} 19. Kg2 Kf7 ({not} 19... g4
20. f3) 20. f4 gxf4 21. gxf4 Rg8+ 22. Kf3 (22. Kh3 exf4 23. Nxf4 Nxf4+ 24. Bxf4
Rg6) 22... exf4 23. Bxf4) (19. Kh2 Bf8 20. f4 gxf4 21. gxf4 Bxh6 22. Rf3 {
is uninspiring, but the computer thinks White has sufficient compensation})
19... Bf8 20. Kg2 Bxh6 21. Rh1 Bg7 22. Kf3 ({The direct} 22. Raf1 Re7 23. f4 {
is met by} f5 {however there are some risks involved in my king sauntering up
the board.}) 22... h6 23. Kg4 ({I originally planned to play for positional
compensation with} 23. g4 Kf7 24. Ng3 Rh8 25. Nf5 Rh7 26. Rh5 Rah8 27. Rah1 Bf8
28. Ke2 Kg6 29. b3 Ng7 30. Nxg7 Bxg7 {leaves Black unlikely to find a
breakthrough but it's more pleasant to have an extra pawn.}) 23... Re7 24. Raf1
Rf8 25. Rh3 ({I was intending} 25. f4 {but lost faith} exf4 26. gxf4 f5+ 27.
exf5 Nd8 (27... Nxf4 28. Nxf4 Rxe3 29. Ne6 Rf7 30. Re1) 28. Rh3 Rfe8 29. Rff3 {
is hard to assess.}) (25. b3 {could be a useful move.}) 25... Nd4 ({If} 25...
Ref7 {the intrepid king move} 26. Kf5 {is an option although the knight is not
attacked as} b6 27. Kxe6 f5 {mates in 2.}) (25... f5+ 26. exf5 Nd4 {is similar
to the game.}) 26. Nxd4 exd4 27. Bc1 Re5 (27... f5+ 28. exf5 Re2 29. f4 {
White's kingside play looks more important than the queenside pawns
disappearing.}) 28. f4 Rc5 29. Rh2 f5+ 30. exf5 Rfxf5 ({The stronger capture
as my king is forced back} 30... Rcxf5 31. Re1 {is comfortable for White.}) 31.
Rhf2 gxf4 32. Bxf4 h5+ 33. Kh3 Be5 34. Re1 Ra5 ({It's hard to exploit the
extra pawn as Black's queenside structure can't advance easily and White's
rooks and king are active enough in a line like} 34... Rd5 35. Re4 c5 36. Rfe2)
35. a3 Rd5 36. Re4 a5 37. a4 Rf7 38. b3 Bd6 ({After} 38... c5 39. Rfe2 Bxf4 40.
gxf4 Rdf5 41. Kg3 {progress remains elusive.}) 39. Rfe2 Rg7 40. Bxd6 cxd6 41.
Re8+ Kh7 42. Rf2 {With the time control reached and the 2 open files under
control I felt fairly safe.} Rdg5 43. Rf3 R5g6 44. Re4 Rg4 45. Re6 h4 (45... d5
46. Re5 R4g5 47. Re6 {leads nowhere}) 46. Rxd6 (46. gxh4 Rg1 47. Rf2 {also
holds.}) 46... c5 ({After} 46... Rxg3+ 47. Rxg3 hxg3 48. Kg2 c5 49. Rb6 {
Black could even have to be careful.}) 47. Rd5 Rxg3+ 48. Rxg3 hxg3 49. Kg2 b6
50. Rd6 Rg6 51. Rxg6 Kxg6 52. Kxg3 Kg5 53. Kf3 Kf5 54. Kg3 Kg5 55. Kf3 Kf5 56.
Kg3 Ke5 1/2-1/2

[Event "London Classic 7th"]
[Site "London"]
[Date "2015.12.05"]
[Round "2"]
[White "Topalov, Veselin"]
[Black "Grischuk, Alexander"]
[Result "1/2-1/2"]
[WhiteElo "2803"]
[BlackElo "2750"]
[Annotator "Adhiban,B"]
[PlyCount "65"]
[EventDate "2015.12.04"]
[EventType "tourn"]
[EventRounds "9"]
[EventCountry "ENG"]
[EventCategory "22"]
[SourceTitle "CBM 170"]
[Source "ChessBase"]
[SourceDate "2016.01.15"]
[SourceVersion "1"]
[SourceVersionDate "2016.01.15"]
[SourceQuality "1"]

1. e4 e5 2. Nf3 Nc6 3. Bb5 Nf6 {Wat else :)? Looking at the amount of games
played in the Berlin in London it could have easily been a "Berlin theme"
tournament.} 4. d3 {One of the critical attempts at maintaining some
complexity in the positions.} Bc5 5. c3 O-O 6. Nbd2 d6 7. h3 a6 ({Two rounds
later Topalov-Caruana continued with} 7... Ne7 $5 8. d4 Bb6 (8... exd4 9. cxd4
Bb6 {would be very similar to (Topalov-Caruana Sinquefield cup 2015)}) 9. dxe5
dxe5 10. Qe2 Ng6 11. g3 {The position has a lot of similarities to the Italian.
} Qe7 12. Bd3 a5 {Black has been able to hold without too many problems.}) 8.
Bxc6 bxc6 9. O-O {This position does occur often in the d3 system but without
c3 included.} Re8 10. Re1 h6 11. Nf1 Bb6 (11... d5 $5 {is an interesting
option played by Lysyj.} 12. exd5 Qxd5 13. Be3 $14) (11... a5 {looks much more
sound positionally since here Black is not wasting time on retreating with the
bishop.}) 12. Ng3 {Black lacks any clear plan and has to wait for White to
show his hand.} ({My fellow teammate went for} 12. Be3 $5 Bxe3 13. Nxe3 c5 14.
Qc2 a5 15. Rad1 Bb7 {Under the impression that White doesn't have any
ambitious intentions, Black loses his sense of danger.} (15... a4 $11 {was
stronger.}) 16. Nf5 Qd7 17. Nh2 $1 {For now White has only one active piece
but, as we will see, Black will help out a friend in need!} c4 {This move is
just epic, it allows white to build up his momentum with amazing speed :).} 18.
Ng4 Nxg4 19. hxg4 cxd3 20. Rxd3 {White will remain in Black's debt forever for
allowing hg4 strengthening the stronghold on f5 and also bringing the rook
into play via the 3rd rank! But Black is not done yet!} Ba6 {Go to h3 and then
if you have the guts try to mate me!} 21. c4 $1 (21. Rh3 Bc4 $11 {[%cal Gc4e6]}
) 21... Qc6 22. b3 a4 23. Rh3 {Finally Bok's efforts have been rewarded! White
has a crushing attack!} axb3 24. Qd2 $1 f6 {This is just asking for it, but in
perfect line with Black's strategy in this game which was to help out White
whenever he had a problem.} (24... Re6 $142 25. axb3 $16) 25. Nxg7 Kxg7 26.
Qxh6+ Kf7 27. Qh7+ Ke6 28. g5 {Negi-Bok 2012, with a winning attack and the
mystery has been solved :).}) 12... Bd7 (12... Be6 13. Be3) (12... a5) 13. Be3
Qb8 (13... c5 {Of course Black has to play this, ruin his bishop's future but
prevent d4 and earn 0.00 from the engine!} 14. Nh2 a5 15. Qf3 a4 16. Nf5 (16.
Ng4 Nxg4 17. hxg4 f6 18. Nf5 Be6 $15) 16... Kh8 (16... Bxf5 17. Qxf5 Qd7 18.
Qxd7 Nxd7 $11 {at least I can agree with this.}) 17. Ng4 Nxg4 18. hxg4 {
I would be very happy with White here but the computer is confident that it
can hold the position, I should perhaps challenge it to a theme match in this
specfic position.}) 14. Qd2 {Simple and efficient.} Bxe3 15. Rxe3 a5 16. d4 (
16. Nh4 $5 {looks highly tempting since all the white pieces are set for a
nasty kingside attack.It was highly surprising that Topalov didn't go for it.}
Kh7 (16... g6 17. Rf3 Kg7 18. Rxf6 $1 Kxf6 19. Qxh6 Rh8 (19... Qxb2 20. Nh5+ {
also ends badly for Black.}) 20. Nh5+ {I was under the impression that this
should win for White but the computer comes up with} Ke6 $1 {But White has} (
20... Ke7 21. Qg5+ Ke8 (21... Kf8 22. Nxg6+ {mating.}) 22. Nxg6 $1 $18) 21.
Ng7+ Ke7 22. Qg5+ f6 23. Ngf5+ $1 $11) 17. Rf1 Qb6 18. Kh2 Rab8 19. b3 {
and White has a threatening intiative on the kingside.}) 16... exd4 17. cxd4 (
17. Nxd4 $5 {would have been better.} c5 18. Nf3 (18. Nde2 Bc6 {and white is
more or less forced to play} 19. f3 {after which his attacking intentions come
to an end after} g6) 18... Bc6 19. Rae1 Qb7 20. e5 Nd5 (20... dxe5 21. Nxe5
Bxg2 22. Ng4 $1 Rxe3 23. Nxf6+ gxf6 24. Rxe3 $40 {Black's king is in more
trouble!}) (20... Bxf3 21. exf6 Rxe3 22. Qxe3 $1 (22. fxe3 $5 {[%cal Gd2g2]
Surprise!}) 22... Bxg2 23. fxg7 $18) 21. Re4 $14) 17... Qb4 {Of course Black
is happy to exchange the queens to minimise White's influence on the centre.}
18. b3 (18. Qc2 Rab8 (18... a4 {also looks fine.}) 19. b3 a4 $11) 18... Qxd2
19. Nxd2 a4 {Now its pretty equal.} 20. a3 (20. b4 a3 $1 {Fixing the pawn
structure.}) 20... axb3 21. Rxb3 Ra4 22. Rb7 Rxd4 23. Nf3 Ra4 24. Rxc7 Rc8 25.
Rxc8+ Bxc8 26. e5 dxe5 27. Nxe5 c5 28. Rc1 Rxa3 29. Rxc5 Be6 30. Rc1 Ra8 31.
Nf3 Rc8 32. Rxc8+ Bxc8 33. Nd4 {One of the many interesting draws in London :).
} 1/2-1/2

[Event "EU-chT (Men) 20th"]
[Site "Reykjavik"]
[Date "2015.11.15"]
[Round "3.1"]
[White "Carlsen, Magnus"]
[Black "Aronian, Levon"]
[Result "0-1"]
[WhiteElo "2850"]
[BlackElo "2781"]
[Annotator "Adhiban,B"]
[PlyCount "88"]
[EventDate "2015.11.13"]
[EventType "team-swiss"]
[EventRounds "9"]
[EventCountry "ISL"]
[SourceTitle "CBM 170"]
[Source "ChessBase"]
[SourceDate "2016.01.15"]
[SourceVersion "1"]
[SourceVersionDate "2016.01.15"]
[SourceQuality "1"]
[WhiteTeam "Norway"]
[BlackTeam "Armenia"]
[WhiteTeamCountry "NOR"]
[BlackTeamCountry "ARM"]

{An epic clash between a slightly weakened "slow poison" Carlsen and the
improved "I am a different player now" Aronian.} 1. e4 e5 2. Nf3 Nc6 3. Bb5 Nf6
4. d3 Bc5 5. O-O (5. Bxc6 dxc6) 5... Nd4 $5 {A wise decision not allowing
Carlsen to take on c6 and get his favourite pawn structure after which you are
in for a positional grind.} (5... d6 {One more positional lesson by Carlsen was
} 6. Nbd2 $5 (6. Re1 O-O 7. Bxc6 bxc6 8. h3 Re8 ({I wonder what is wrong with} 
8... Nd7 $5 9. Nbd2 f5 10. exf5 Rxf5 11. Ne4 Bb6 {Though I fully agree such an
overly aggressive attempt weakening the a2-g8 diagonal (even without the
presence of the white light-squared bishop) is strictly against the principles
of the Berlin :).}) 9. Nbd2 Nd7 10. Nc4 Bb6 11. a4 a5 12. Nxb6 cxb6 13. d4 Qc7
({Possibly Anand didn't like} 13... Qe7 {because of} 14. b3 {with annoying
pressure on the a3-f8 diagonal.}) 14. Ra3 $1 {was an instructive game 
(Carlsen-Anand 2014), though Black can equalise with accurate play.}) 6... O-O
7. Bxc6 bxc6 8. h3 h6 9. Re1 Re8 10. Nf1 a5 11. Ng3 Rb8 12. b3 {Seriously??
Didn't Mr. Carlsen show us that fixing the black pawn structure (against Anand)
with a4 is good? Well yet again he shows us that he understands the positional
concepts at a much higher level.} Bb4 ({An interesting move was} 12... a4 $5 {
but we will have to wait for another Carlsen game for a conclusion in this.})
13. Bd2 Ra8 14. c3 Bc5 15. d4 Bb6 16. dxe5 dxe5 17. c4 $14 {Carlsen-Radjabov
2015, with clear positional superiority.}) 6. Nxd4 Bxd4 7. c3 Bb6 8. Na3 c6 9.
Ba4 d6 10. Bb3 a5 11. Nc4 Ba7 $5 {Aronian is the first to deviate and to be
honest this seems like the way after a5.} ({Karjakin-Caruana continued} 11...
Bc7 {but then why did he play ...a5?}) 12. a4 O-O 13. Bg5 h6 14. Bxf6 Qxf6 15.
Nxa5 {I am not at all sure that such a approach is a good idea against Aronian
who doesn't mind giving up a pawn if he can take over the intiative for it!} d5
$1 16. Bc2 (16. exd5 cxd5 17. Bxd5 Qd8 $1 18. Bxb7 Bxb7 19. Nxb7 Qc7 {and
finally the greedy knight meets its end.}) 16... dxe4 17. dxe4 Rd8 18. Qe1 (18.
Qe2 Qg5 19. Qf3 (19. Nc4 Bg4 $19 {wins on the spot.}) 19... Rd2 $17 {with a
dangerous intiative.}) 18... Qg5 19. Kh1 Rd2 20. Bd1 Be6 {Now the brave knight
can't return.} 21. b4 Rad8 22. Nxb7 $6 {It was not the time to be greedy.} (22.
Be2 $1 {was more tenacious, preparing to exchange a pair of rooks to reduce
the intensity.} R8d7 23. Rd1 Rxd1 24. Bxd1 Qc1 25. Bb3 Qxe1 26. Rxe1 Bxb3 27.
Nxb3 Bxf2 28. Rb1 $1 {Although Black is still clearly better, the fight is
just beginning.}) 22... Bc4 $1 {Now follows a forced sequence after which
Black comes out on top.} 23. Nxd8 Bxf1 24. Qxf1 Rxf2 25. Qg1 Ra2 $1 26. Rxa2
Bxg1 27. Kxg1 Qc1 {The dust has settled and it does seem like White can hope
to save the position, but unfortunately for him his pieces are uncoordinated.}
28. Kf2 Qxd1 29. Nxc6 Qb3 30. Rd2 (30. Re2 $5 Qxc3 31. b5 {White anyway can't
hope to protect his pawns hence Black goes for a quiet king move preventing
Ne7-d5.} Kf8 $5 {with a winning advantage.} (31... Qc4 {allows} 32. Rb2 $1) ({
Or} 31... Kh7)) 30... Qxc3 31. Rd6 Qb2+ 32. Ke3 Qa3+ 33. Kf2 Qxa4 34. Nxe5 Qc2+
$5 {A strong practical decision!} ({After} 34... Qxb4 35. Rd8+ Kh7 36. Nf3 {
Black would face an uphill struggle to win this position.}) 35. Kf3 f5 $1 {
Getting of the rid of the small shelter which White was hoping to have.} 36.
Rd3 fxe4+ 37. Kxe4 Qxg2+ 38. Nf3 Qg4+ 39. Ke3 g5 $5 (39... Qxb4 40. h4 $1 {
and White's chances of saving this endgame are quite high!}) 40. Kf2 (40. b5
Qf4+ {[%cal Gg5g4]}) 40... Qf5 $1 {Not allowing White to get coordinated.} 41.
Rd8+ Kg7 42. Kg2 g4 43. Nd2 Qe6 $1 {Capitalising on the loosely placed pieces.}
44. Nf1 Qc6+ {A nice effort by Aronian who has definitely made his epic
comeback after quite a while! It will be interesting to see how Carlsen will
come back to his top form and this is something I will be waiting for!} 0-1

[Event "Candidates Tournament"]
[Site "Moscow"]
[Date "2016.03.24"]
[Round "11"]
[White "Anand, Viswanathan"]
[Black "Karjakin, Sergey"]
[Result "1-0"]
[WhiteElo "2762"]
[BlackElo "2760"]
[Annotator "Anand,V"]
[PlyCount "139"]
[EventDate "2016.03.11"]
[EventType "tourn"]
[EventRounds "14"]
[EventCountry "RUS"]
[EventCategory "22"]
[SourceTitle "CBM 172"]
[Source "ChessBase"]
[SourceDate "2016.05.12"]
[SourceVersion "1"]
[SourceVersionDate "2016.05.12"]
[SourceQuality "1"]

1. e4 e5 2. Nf3 Nc6 3. Bb5 Nf6 4. d3 Bc5 5. c3 O-O 6. O-O d6 7. h3 Ne7 8. d4
Bb6 9. Bd3 {A new twist on 9.Re1 that Gajewski showed me.} (9. Re1 d5 10. Nxe5
Nxe4 11. Nd2 Nd6 {and now White has to move his bishop.}) 9... d5 10. Nxe5 Nxe4
11. Nd2 Nd6 12. Nb3 $1 {The point, White can keep moving forward.} c6 13. Nc5
Ng6 {Played after a long think and it was time well spent.} 14. Qh5 {Now I
also had to find my way around and this seemed reasonable.} Bxc5 15. dxc5 Ne4
16. Bxe4 dxe4 17. Rd1 (17. Nc4 {My original intention, but I was unable to
make it work after} f5 $1 18. Nd6 b6 $1) 17... Qe7 18. Nxg6 hxg6 19. Qg5 {
I was slightly disappointed that I couldn't do better than this, and Sergey
felt this was close to a draw offer. I did feel that I could still pose some
questions to Black before acquiescing.} Qxg5 20. Bxg5 f6 21. Be3 (21. Bf4 g5
22. Bg3 Re8 23. Rd4 e3 {doesn't accomplish anything} (23... Bf5 {nor does this}
)) 21... g5 {Black takes away the crucial f4-square (as we will see, quite
important).} 22. Rd6 Re8 23. Rad1 Be6 24. b3 Kf7 (24... a5 25. R1d4 a4 26. bxa4
Bxa2 27. Rd7 $1 {still with some problems}) (24... Re7 25. R1d4 Bf7 26. g4 {
Of course, Black can choose between several setups. Its hard to tell which is
best, since Black's drawing margin is very high in all of them.}) 25. R1d4 Bf5
(25... Re7 26. Rxe4 Bf5 {I wasn't very excited about winning the Pe4, but a
pawn is still a pawn.}) 26. a4 {I should have played g4 first} Re7 27. g4 Bh7 (
27... Be6 28. c4 (28. b4 a5 $1 29. b5 {now this fails:} cxb5 30. axb5 a4 $1)
28... Rh8 29. Kg2 a6 30. b4 Bc8 31. b5 Re6 32. bxc6 bxc6 33. Rd1 Rhe8 34. Rb1)
28. b4 Bg8 (28... a5 {The computer is happy here, but it is not easy to
concede connected passers with Black:} 29. b5 cxb5 30. axb5 a4 31. Rd2 Ke8) 29.
b5 Rc8 30. Rd7 Rce8 (30... Ke8 $1 31. Rxe7+ Kxe7 32. Rxe4+ Be6 $1 {I believe
this position is equal.}) 31. b6 $1 {Its hard to lock one's pawns like this,
but the only way I saw to put any pressure on Black was with Rc7.} a6 32. Rc7
Kf8 {Still, it looks like Black hasn't done anything wrong, but...} 33. c4 $1 {
blocks the Black bishop, and equally importantly allows Bd2-a5 to protect a
pawn on c7. It was important not to play a5 too early} Be6 {Thanks to White's
last two pawn moves, some chances have appeared, and Black finally ditches the
Pe4.} (33... Bf7 $1 {However, the Pe4 serves a purpose which is to restrain
the Pf2} {So here White will have to play...} 34. Kh2 Bg8 $1 (34... Bg6 35. h4
(35. Kg3 Bf7 36. h4 gxh4+ 37. Kxh4 g5+ $1 {and White still has no access to f4}
) 35... gxh4 36. Bf4 {Misplaced Bg6} (36. g5 Kf7 37. gxf6 gxf6 38. Bf4 Bf5 $1))
35. h4 gxh4 36. Bf4 Rxc7 37. bxc7 Be6 $1 {I couldn't see how to break through
here.}) 34. Rxe4 {Now f4 and the white bishop will enter.} Kf7 35. f4 {We were
already short of time, but it's harder for the defending side since opposite
coloured bishop endings need time for working out.} Rxc7 (35... f5 $1 36. Re5
g6 (36... Rxc7 37. bxc7 Bc8 38. Rxe8 Kxe8 39. fxg5 fxg4 40. h4 {Karjakin was
reluctant to enter this} g6 41. Kf2 Be6 42. Kg3 (42. a5 Kd7 43. Bf4 Bxc4 44.
Kg3 Bd3 {I think this drawn} 45. Kxg4 Be2+ 46. Kg3 Bh5 {is a fortress}) 42...
Kd7 43. Bf4 a5 44. h5 gxh5 45. g6 Bf5 46. g7 Be6 47. Kh4 Bf7 48. Kg5 Kc8 49.
Kh6 h4 50. Kh7 Bxc4 51. g8=Q+ Bxg8+ 52. Kxg8 g3 53. Kf7 g2 54. Bh2 g1=Q 55.
Bxg1 Kxc7 56. Kg6 b5 57. cxb6+ Kb7 {and White is short of time to defend b6})
37. fxg5 fxg4 38. h4 {I wasnt sure this was winning, but I knew that Black
couldnt make such a critical decision so easily - if it's lost, it's too late}
Rxc7 39. bxc7 Bc8 40. Rxe8 Kxe8 {transposes to the earlier analysis.}) 36. bxc7
Rc8 $2 (36... f5 $1) 37. f5 {Thanks to Pc4.} Bd7 38. h4 g6 (38... gxh4 39. Bf4
g5 (39... Re8 40. Rd4 Bc8 41. Rd8 {followed by Kxh4}) 40. Rd4 $1 Ke7 41. Bd6+
Kf7 42. Kg2 Re8 43. Bh2 Ke7 44. Bg1 Rf8 45. Rd6 Rf7 46. Bd4 Rf8 47. Bc3 Rf7 {
Still, it's hard to believe this fortress can hold} (47... Bc8 48. Rd8 $18))
39. Rd4 $1 Rxc7 40. hxg5 fxg5 41. Bxg5 Be8 {Now I realised that I was
completely winning, Black has to stay completely passive.} 42. f6 Kf8 43. Bf4
Rh7 44. Kg2 {Missing a faster win:} (44. Re4 $1 Bf7 (44... Bd7 45. Bd6+ Kg8 46.
g5) 45. g5 $1 $18) 44... Bd7 45. Bg5 Be6 46. Rd8+ Kf7 47. Rb8 Bxc4 48. Rxb7+
Kg8 49. Rb8+ Kf7 50. Kg3 Ke6 51. Re8+ Kf7 $1 (51... Kd7 52. Rd8+ $1) 52. Rc8
Bd5 53. Kf4 Ke6 54. Re8+ Kd7 55. Ra8 (55. Rd8+ $4 Kxd8 56. f7+ Kc7 (56... Kd7
$2 57. f8=N+ $1) 57. f8=Q Rf7+ $11) 55... Ke6 56. Re8+ Kd7 57. Re3 a5 58. Kg3
Rf7 59. Kf4 Rh7 60. Re1 Kc8 61. Kg3 (61. Ke5 $1) 61... Rf7 (61... Kd7 62. Bd2
Rf7 63. g5) 62. Re8+ Kd7 63. Ra8 Kc7 64. Kf4 Rd7 65. Bh4 {Now it's easy, with
the Kg5.} Kb7 66. Re8 Bf7 67. Re4 Bd5 68. Re3 Bf7 69. Kg5 Ka6 70. Re7 {And
finally he resigned. I was euphoric, first to beat a tenacious defender (in
fact, this was his only loss), but also with my technique.  Still, Sergey
recovered and qualified convincingly. He fully deserved qualification!} (70.
Re7 Rxe7 71. fxe7 Kb7 72. Kf6 Be8 73. Kg7 g5 74. Bxg5 Kc8 75. Kf8 Kd7 76. Bd2 {
isn't difficult.}) 1-0